Recursos procesales civiles: recursos de reposición, aclaración, rectificación, queja, apelación hecho y casación
Na minha lista:
| Autor principal: | |
|---|---|
| Outros Autores: | |
| Formato: | Livro |
| Idioma: | espanhol |
| Publicado em: |
Santiago
Lexis Nexis
2008
|
| Edição: | 3a. ed |
| Colecção: | Manuales
|
| Assuntos: | |
| Tags: |
Adicionar Tag
Sem tags, seja o primeiro a adicionar uma tag!
|
MARC
| LEADER | 00000nam a2200000 a 4500 | ||
|---|---|---|---|
| 001 | UCI6040 | ||
| 003 | CL-VaPUC | ||
| 008 | 080418e20080000CL |||||||||||||||||spa|d | ||
| 020 | |a 9789562387484 | ||
| 082 | 0 | 4 | |a 347.83077 |b OBE |2 21 |
| 100 | |a Oberg Yáñez, Héctor |e autor |9 539071 | ||
| 700 | |a Manso Villalón, Macarena Victoria |e autora |9 779328 | ||
| 245 | 1 | 0 | |a Recursos procesales civiles: recursos de reposición, aclaración, rectificación, queja, apelación hecho y casación |
| 250 | |a 3a. ed | ||
| 300 | |a 122 p | ||
| 942 | |c BK | ||
| 945 | |d 20080418 00:00:00 |a rbrito | ||
| 260 | |a Santiago |b Lexis Nexis |c 2008 | ||
| 650 | 7 | |a RECURSOS PROCESALES CIVILES |2 CL-VaPUC |9 528737 | |
| 650 | 7 | |a RECURSO DE REPOSICION |2 CL-VaPUC |9 451062 | |
| 650 | 7 | |a RECURSO DE ACLARACION |2 CL-VaPUC |9 385106 | |
| 650 | 7 | |a RECURSO DE RECTIFICACION |2 CL-VaPUC |9 385107 | |
| 650 | 7 | |a RECURSO DE QUEJA |2 CL-VaPUC |9 371878 | |
| 650 | 0 | |a Recurso de apelación |9 380716 | |
| 650 | 0 | |a Recurso de casación |9 258890 | |
| 583 | |a last modification |c 20080418 00:00:00 |k Rodrigo Vera | ||
| 490 | 0 | |a Manuales | |
| 999 | |c 329643 |d 329641 | ||
| 952 | |0 0 |1 0 |4 0 |6 347_830770000000000_OBE_2008 |7 0 |8 A |9 414587 |a BIBDER |b BIBDER |d 2019-11-22 |i 4430999 |l 1 |o 347.83077 OBE 2008 |p 4430999 |r 2023-01-25 |s 2022-06-23 |w 2019-11-22 |y BK |k DER | ||
| 952 | |0 0 |1 0 |4 0 |6 347_830770000000000_OBE_2008 |7 0 |8 A |9 414588 |a BIBDER |b BIBDER |d 2019-11-22 |i 4451120 |o 347.83077 OBE 2008 |p 4451120 |r 2023-01-25 |w 2019-11-22 |y BK |k DER | ||